000 00227nam a2200097Ia 4500
005 20251222114359.0
008 251222s1900||||xx |||||||||||||| ||spa||
082 _aDVD0070/J66/1986
245 0 _aLa misión:The Mission
942 _cDVD
999 _c1554
_d1554